Welcome to CU Library Online Public Access Catalogue (OPAC)

THE ORIGINAL AFRICAN HERITAGE STUDY BIBLE; (Record no. 7139)

MARC details
000 -LEADER
fixed length control field 00409nam a22001337a 4500
005 - DATE AND TIME OF LATEST TRANSACTION
control field 20250724123105.0
008 - FIXED-LENGTH DATA ELEMENTS--GENERAL INFORMATION
fixed length control field 250724b |||||||| |||| 00| 0 eng d
020 ## - INTERNATIONAL STANDARD BOOK NUMBER
International Standard Book Number 9781555237110
050 ## - LIBRARY OF CONGRESS CALL NUMBER
Classification number REF BS185
Item number ORI
245 ## - TITLE STATEMENT
Title THE ORIGINAL AFRICAN HERITAGE STUDY BIBLE;
Remainder of title KING JAMES VERSION
Statement of responsibility, etc. FELDER HOPE CAIN
260 ## - PUBLICATION, DISTRIBUTION, ETC.
Place of publication, distribution, etc. WASHINGTON
Name of publisher, distributor, etc. WINSTON PUBLISHING COMPANY
Date of publication, distribution, etc. c1993
300 ## - PHYSICAL DESCRIPTION
Extent xv, 1891p
942 ## - ADDED ENTRY ELEMENTS (KOHA)
Source of classification or shelving scheme Library of Congress Classification
Koha item type Books
Suppress in OPAC No
999 ## -
-- 7139
-- 7139
Holdings
Withdrawn status Lost status Source of classification or shelving scheme Damaged status Not for loan Collection Home library Current library Shelving location Date acquired Total checkouts Full call number Barcode Date last seen Copy number Price effective from Koha item type
    Library of Congress Classification     Reference Undergraduate Library (Christ Temple) Undergraduate Library (Christ Temple) General stacks 07/24/2025   REF BS 185 ORI ULCT00004119 07/24/2025 1 07/24/2025 Books
© 2023-2024 Copyright: Central University Libraries. All Rights Reserved | Created by: Mahone Tech Office